[Event "MCR senioru 2013 - 60"]
[Site "?"]
[Date "2013.08.19"]
[Round "3.4"]
[White "Just, Pavel"]
[Black "Vlacil, Vladimir"]
[Result "1/2-1/2"]
[WhiteElo "1989"]
[BlackElo "2058"]
[PlyCount "136"]

1. e4 c5 2. Nf3 e6 3. c4 Nc6 4. d4 cxd4 5. Nxd4 Bb4+ 6. Nc3 Nf6 7. Nxc6 bxc6 8.
Bd3 Qa5 9. Bd2 d5 10. a3 Bxc3 11. Bxc3 Qd8 12. cxd5 cxd5 13. Bb5+ Bd7 14. Bxd7+
Qxd7 15. Bxf6 gxf6 16. exd5 Qxd5 17. Qxd5 exd5 18. O-O-O Rc8+ 19. Kd2 Kd7 20.
Rc1 Rb8 21. b4 Rb5 22. Rc3 a5 23. bxa5 Rxa5 24. Rb1 Ra7 25. Rb5 Kd6 26. Rb6+
Ke5 27. Re3+ Kd4 28. Rxf6 Rb8 29. Rf4+ Kc5 30. Rc3+ Kd6 31. Rb4 Rba8 32. Rb6+
Ke5 33. Re3+ Kd4 34. Rbb3 Kc5 35. Rec3+ Kd6 36. Rh3 f5 37. Rhf3 Ke5 38. Rbe3+
Kd4 39. Rd3+ Ke5 40. Rfe3+ Kd6 41. f4 Ra4 42. Re5 Rxf4 43. Rdxd5+ Kc6 44. Rxf5
Rxf5 45. Rxf5 Rxa3 46. Ke2 Ra7 47. Re5 Kd6 48. Re3 Ra4 49. g3 Ra2+ 50. Kf3 Rxh2
51. Kf4 Rh1 52. Kf5 Rf1+ 53. Kg5 Rh1 54. Kf6 Rf1+ 55. Kg7 Rh1 56. Re4 Rh3 57.
g4 Rh4 58. Ra4 Ke5 59. Ra5+ Kf4 60. g5 Rh5 61. Kf6 Kg4 62. Ra4+ Kg3 63. Rb4 Kf3
64. Rb1 Kf4 65. Rb4+ Kf3 66. Kf5 h6 67. Rb3+ Ke2 68. Kg6 Rxg5+ 1/2-1/2

[Event "MCR senioru 2013 - 60"]
[Site "?"]
[Date "2013.08.19"]
[Round "3.5"]
[White "Kotva, Milan"]
[Black "Uhmann, Jan"]
[Result "1/2-1/2"]
[WhiteElo "1970"]
[BlackElo "2137"]
[PlyCount "61"]

1. e4 e5 2. Nf3 Nc6 3. Bb5 a6 4. Ba4 Nf6 5. d3 d6 6. c4 Be7 7. Nc3 O-O 8. h3
Be6 9. Nd5 Nb8 10. Be3 Nbd7 11. O-O c6 12. Nxe7+ Qxe7 13. Ng5 h6 14. Nxe6 fxe6
15. f4 exf4 16. Bxf4 Nc5 17. Bc2 e5 18. Be3 Ne6 19. b4 c5 20. bxc5 dxc5 21. Rb1
Qc7 22. Qe1 Nh5 23. Qh4 Nhf4 24. Rf2 Nd4 25. Bxf4 Rxf4 26. Rxf4 exf4 27. Bd1
Rf8 28. Qh5 f3 29. Rb2 fxg2 30. Rxg2 Qf7 31. Qd5 1/2-1/2

[Event "MCR senioru 2013 - 60"]
[Site "?"]
[Date "2013.08.19"]
[Round "3.6"]
[White "Furman, Boris"]
[Black "Gasik, Jadwiga"]
[Result "1-0"]
[WhiteElo "2164"]
[BlackElo "1939"]
[PlyCount "83"]

1. d4 f5 2. c4 Nf6 3. Nc3 g6 4. e3 d6 5. Bd3 c6 6. Nge2 Bg7 7. Qc2 e5 8. f3 Na6
9. a3 Nc7 10. Bd2 Be6 11. O-O O-O 12. b4 Rc8 13. a4 a6 14. dxe5 dxe5 15. e4 f4
16. a5 Nh5 17. Na4 Qg5 18. Nc5 Bh3 19. Rf2 Rb8 20. Kh1 Qh4 21. Be1 Bc8 22. Nc3
Ne6 23. Nxe6 Bxe6 24. Rd2 Qe7 25. Rb1 Qf7 26. Na4 Rbe8 27. Nc5 Bc8 28. b5 Kh8
29. bxc6 bxc6 30. Rb6 Qc7 31. Nxa6 Bxa6 32. Rxa6 Ra8 33. Rxa8 Rxa8 34. Rd1 c5
35. Qa4 Nf6 36. Bc2 h6 37. a6 Ra7 38. Qb5 Qc8 39. Rd6 Kh7 40. Ba4 Nxe4 41. fxe4
Qg4 42. Bd1 1-0

[Event "MCR senioru 2013 - 60"]
[Site "?"]
[Date "2013.08.19"]
[Round "3.7"]
[White "Gasik, Piotr"]
[Black "Dolezal, Radoslav"]
[Result "1-0"]
[WhiteElo "2136"]
[BlackElo "1927"]
[PlyCount "66"]

1. c4 c5 2. Nf3 Nc6 3. d4 cxd4 4. Nxd4 Nf6 5. Nc3 g6 6. g3 Bg7 7. Bg2 O-O 8. c5
Ne8 9. Nxc6 bxc6 10. Bxc6 Rb8 11. O-O Nc7 12. Bg2 Bb7 13. Qa4 Bxg2 14. Kxg2 d5
15. cxd6 Qxd6 16. Qxa7 Nb5 17. Nxb5 Rxb5 18. Kg1 Bd4 19. Qa4 Qb6 20. Bh6 Rb8
21. Rad1 Bxb2 22. Rd7 Bf6 23. Rfd1 Rb1 24. Qc2 Rxd1+ 25. Qxd1 e6 26. a4 Ra8 27.
Qc2 Bg7 28. Be3 Qa5 29. Qc6 h5 30. Qb7 Rf8 31. Qb5 Ra8 32. Qxa5 Rxa5 33. Ra7
Bf8 1-0

[Event "MCR senioru 2013 - 60"]
[Site "?"]
[Date "2013.08.19"]
[Round "3.8"]
[White "Majerik, Vladimir"]
[Black "Novotny, Josef"]
[Result "0-1"]
[WhiteElo "1887"]
[BlackElo "2129"]
[PlyCount "88"]

1. d4 e6 2. Nf3 d6 3. Bg5 f6 4. Bd2 g6 5. e4 Nh6 6. Nc3 Bg7 7. Bb5+ c6 8. Bd3
Nf7 9. O-O O-O 10. Be3 b6 11. Qe2 Qe7 12. a3 e5 13. Bc4 Kh8 14. Rfd1 exd4 15.
Bxd4 Ne5 16. Nxe5 dxe5 17. Be3 f5 18. f3 f4 19. Bf2 Bf6 20. Rd2 g5 21. Rad1 h5
22. Kh1 g4 23. Rg1 Bg5 24. Rdd1 Bh4 25. Be1 a5 26. Qd2 b5 27. Bb3 Bf6 28. Qd6
Qg7 29. Qd2 Na6 30. Qf2 Be7 31. Qe2 Nc5 32. Ba2 b4 33. Nb1 Ne6 34. Bxe6 Bxe6
35. axb4 axb4 36. Nd2 Ra2 37. Rb1 Rg8 38. Bf2 g3 39. hxg3 fxg3 40. Be3 Qf6 41.
Rgd1 Qh4+ 42. Kg1 Qh2+ 43. Kf1 Qh1+ 44. Bg1 Bc5 0-1

[Event "MCR senioru 2013 - 60"]
[Site "?"]
[Date "2013.08.19"]
[Round "3.9"]
[White "Most, Zdenek"]
[Black "Innemann, Frantisek"]
[Result "1-0"]
[WhiteElo "2046"]
[BlackElo "1919"]
[PlyCount "53"]
[EventDate "2013.??.??"]

1. d4 e6 2. Nf3 Nf6 3. g3 b6 4. Bg2 Bb7 5. O-O Be7 6. c4 O-O 7. Nc3 d5 8. Ne5
Nbd7 9. Nxd7 Qxd7 10. Bg5 Ne4 11. Nxe4 dxe4 12. Bxe7 Qxe7 13. Qc2 f5 14. Rfd1
c5 15. e3 Rad8 16. Qa4 a6 17. Qa3 Rc8 18. Rd2 Qc7 19. Rad1 cxd4 20. Rxd4 Rfd8
21. Bf1 e5 22. Rd6 Rxd6 23. Qxd6 Kf7 24. Qd7+ Kg8 25. Qe6+ Kh8 26. Rd7 Qc6 27.
Qe7 1-0

[Event "MCR senioru 2013 - 60"]
[Site "?"]
[Date "2013.08.19"]
[Round "3.11"]
[White "Perik, Alois"]
[Black "Chmelik, Jiri"]
[Result "1/2-1/2"]
[WhiteElo "1847"]
[BlackElo "2002"]
[PlyCount "40"]
[EventDate "2013.??.??"]

1. c4 e5 2. Nc3 Nf6 3. g3 Bb4 4. Nd5 Bc5 5. Bg2 c6 6. Nxf6+ Qxf6 7. e3 d6 8.
Ne2 Bg4 9. O-O Bf3 10. d4 Bxg2 11. Kxg2 Bb6 12. dxe5 dxe5 13. Bd2 O-O 14. Bc3
Qe6 15. b3 Nd7 16. Qc2 Nf6 17. Rad1 Rad8 18. h3 Rxd1 19. Rxd1 Rd8 20. Rxd8+
Bxd8 1/2-1/2

[Event "MCR senioru 2013 - 60"]
[Site "?"]
[Date "2013.08.19"]
[Round "3.12"]
[White "Pokorny, Jan"]
[Black "Zboril, Jaroslav"]
[Result "0-1"]
[WhiteElo "1877"]
[BlackElo "1979"]
[PlyCount "68"]
[EventDate "2013.??.??"]

1. Nf3 d6 2. e4 Nf6 3. d3 e5 4. Bg5 Be7 5. Nc3 c6 6. h3 O-O 7. Be2 h6 8. Bd2 b5
9. a3 Be6 10. Nh2 Nbd7 11. Ng4 Re8 12. O-O Nf8 13. f4 exf4 14. Bxf4 Ng6 15. Bd2
Nxg4 16. Bxg4 Qd7 17. Bxe6 Qxe6 18. Ne2 Bf6 19. Bc3 Bxc3 20. Nxc3 a5 21. Qf3
Ra7 22. Ne2 d5 23. Ng3 dxe4 24. Nxe4 Ne5 25. Qf2 Rea8 26. Qf5 Qxf5 27. Rxf5 f6
28. b3 Rd8 29. Raf1 Rd5 30. g4 Rad7 31. Nd2 Rc5 32. c4 bxc4 33. Nxc4 Rxd3 34.
Nxe5 Rxe5 0-1

[Event "MCR senioru 2013 - 60"]
[Site "?"]
[Date "2013.08.19"]
[Round "3.13"]
[White "Jirasek, Jiri"]
[Black "Thonig, Manfred"]
[Result "1/2-1/2"]
[WhiteElo "1952"]
[BlackElo "1603"]
[PlyCount "86"]
[EventDate "2013.??.??"]

1. d4 e6 2. c4 f5 3. Nc3 Nf6 4. Nf3 Bb4 5. Bd2 c5 6. e3 O-O 7. d5 Bxc3 8. Bxc3
Ne4 9. Rc1 b6 10. Be2 d6 11. O-O e5 12. Be1 Rf6 13. Nd2 Qf8 14. f3 Nxd2 15.
Bxd2 f4 16. exf4 exf4 17. Bd3 Nd7 18. Qc2 g6 19. Bc3 Ne5 20. Bxe5 dxe5 21. Rfe1
Qd6 22. Qc3 Bf5 23. Bxf5 Rxf5 24. Rb1 Re8 25. h3 h5 26. a3 a5 27. b4 cxb4 28.
axb4 axb4 29. Qxb4 Qc5+ 30. Qxc5 bxc5 31. Rb7 Rf7 32. Reb1 e4 33. Rxf7 Kxf7 34.
Rb7+ Kf6 35. Rc7 e3 36. Kf1 Ke5 37. Rxc5 Kd4 38. Rc6 Kd3 39. Ra6 Rb8 40. Ra3+
Kxc4 41. d6 Rb1+ 42. Ke2 Rb2+ 43. Ke1 Rb1+ 1/2-1/2

[Event "MCR senioru 2013 - 60"]
[Site "?"]
[Date "2013.08.19"]
[Round "3.14"]
[White "Vlachopulos, Elefteris"]
[Black "Pavlis, Jaromir"]
[Result "0-1"]
[WhiteElo "1725"]
[BlackElo "1996"]
[PlyCount "82"]
[EventDate "2013.??.??"]

1. d4 Nf6 2. Nf3 d6 3. c4 g6 4. Nc3 Bg7 5. e4 Bg4 6. Be2 O-O 7. O-O Nbd7 8. Be3
c6 9. Qd2 Qc7 10. b4 e6 11. h3 Bxf3 12. Bxf3 Rac8 13. Rac1 b6 14. a4 Qb8 15.
Be2 c5 16. b5 cxd4 17. Bxd4 Nc5 18. Bxc5 dxc5 19. Rfd1 Rfd8 20. Qe3 Ne8 21.
Rxd8 Rxd8 22. Rd1 Rxd1+ 23. Nxd1 Bd4 24. Qf3 Qe5 25. Bd3 Kg7 26. Kf1 Qg5 27.
Qe2 Nf6 28. g3 Qh5 29. Qxh5 Nxh5 30. Ke2 Kf6 31. Kf3 Ke5 32. Ke2 g5 33. Kf3 h6
34. Ke2 Nf6 35. f3 Nh5 36. Kf1 Nxg3+ 37. Kg2 Kf4 38. Bc2 h5 39. Bd3 h4 40. Bc2
Ne2 41. Bb1 Ng1 0-1

[Event "MCR senioru 2013 - 60"]
[Site "?"]
[Date "2013.08.19"]
[Round "3.15"]
[White "Jablecnik, Gustav"]
[Black "Milian, Milan"]
[Result "1-0"]
[WhiteElo "2112"]
[BlackElo "1870"]
[PlyCount "61"]
[EventDate "2013.??.??"]

1. e4 c6 2. Nc3 d5 3. Qf3 dxe4 4. Nxe4 Nd7 5. d4 Ngf6 6. c3 Nxe4 7. Qxe4 Nf6 8.
Qc2 e6 9. Nf3 Qc7 10. Bd3 Be7 11. Bg5 h6 12. Bxf6 Bxf6 13. O-O-O a5 14. g3 b5
15. Rhe1 O-O 16. Ne5 Rd8 17. f4 Rb8 18. Qe2 b4 19. c4 c5 20. dxc5 Bb7 21. Qh5
Rbc8 22. Ng4 Bd4 23. Ne5 Bxc5 24. f5 exf5 25. Qxf5 g6 26. Qf6 Qe7 27. Qxe7 Bxe7
28. Nxg6 Bg5+ 29. Nf4 Rd4 30. Bh7+ Kxh7 31. Rxd4 1-0

[Event "MCR senioru 2013 - 60"]
[Site "?"]
[Date "2013.08.19"]
[Round "3.16"]
[White "Fiser, Jiri"]
[Black "Dusbaba, Petr"]
[Result "0-1"]
[WhiteElo "1970"]
[BlackElo "1831"]
[PlyCount "82"]
[EventDate "2013.??.??"]

1. e4 c5 2. Nf3 Nc6 3. d4 cxd4 4. Nxd4 e5 5. Nb5 a6 6. N5c3 Bb4 7. Bc4 Nf6 8.
O-O h6 9. Be3 O-O 10. a3 Ba5 11. b4 Bb6 12. Bxb6 Qxb6 13. Nd5 Qd8 14. Nbc3 b5
15. Ba2 Bb7 16. Nxf6+ Qxf6 17. Qxd7 Rab8 18. Nd5 Qg5 19. f4 exf4 20. Rxf4 Ne5
21. Qf5 Rbe8 22. Raf1 Qxf5 23. exf5 Nc4 24. Bxc4 bxc4 25. Nc3 Re3 26. Rxc4 Rfe8
27. Rc7 Rc8 28. Rxc8+ Bxc8 29. Nd5 Re2 30. c4 Kf8 31. g4 Rc2 32. Rf4 Ra2 33.
Rf3 Bb7 34. Rd3 Ke8 35. h4 Bc8 36. Nf4 Ke7 37. Nd5+ Ke8 38. Nf4 Ke7 39. c5 Bb7
40. g5 hxg5 41. hxg5 Bc6 0-1

[Event "MCR senioru 2013 - 60"]
[Site "?"]
[Date "2013.08.19"]
[Round "3.17"]
[White "Vesely, Emanuel"]
[Black "Tejkal, Jiri"]
[Result "1/2-1/2"]
[WhiteElo "1867"]
[BlackElo "1953"]
[PlyCount "65"]
[EventDate "2013.??.??"]

1. e4 c6 2. d4 d5 3. exd5 cxd5 4. c4 Nf6 5. Nc3 Nc6 6. Nf3 Bg4 7. cxd5 Bxf3 8.
gxf3 Nxd5 9. Qb3 e6 10. Qxb7 Nxd4 11. Bb5+ Nxb5 12. Qc6+ Ke7 13. Qxb5 Qd7 14.
Nxd5+ Qxd5 15. Qxd5 exd5 16. Be3 Ke6 17. O-O-O Rc8+ 18. Kb1 Bc5 19. Rhe1 Bxe3
20. Rxe3+ Kd6 21. Ra3 Rc7 22. Ra5 Rhc8 23. Raxd5+ Ke7 24. a3 g6 25. Ka2 Ke6 26.
f4 Rc2 27. Re5+ Kf6 28. Rd6+ Kg7 29. Re7 Rb8 30. a4 Rcxb2+ 31. Ka1 Rb1+ 32. Ka2
R8b2+ 33. Ka3 1/2-1/2

[Event "MCR senioru 2013 - 60"]
[Site "?"]
[Date "2013.08.19"]
[Round "3.18"]
[White "Rucka, Alois"]
[Black "Gunnarsson, Leif"]
[Result "1/2-1/2"]
[WhiteElo "1943"]
[BlackElo "1831"]
[PlyCount "66"]

1. d4 Nf6 2. c4 e5 3. dxe5 Ng4 4. Nf3 Bc5 5. e3 Nc6 6. a3 a5 7. Qd5 Qe7 8. Nc3
Ngxe5 9. Nxe5 Qxe5 10. Qxe5+ Nxe5 11. Be2 c6 12. Bd2 O-O 13. Ne4 Be7 14. Bc3 f5
15. Bxe5 fxe4 16. Rd1 Re8 17. Bd6 Bf6 18. Rd2 b6 19. O-O Ra7 20. Rfd1 Be5 21.
c5 bxc5 22. Bxc5 Rb7 23. Ba6 Rxb2 24. Bxc8 Rxd2 25. Rxd2 Rxc8 26. Rxd7 Rb8 27.
g3 Rb1+ 28. Kg2 Rc1 29. Bd4 Rd1 30. Ra7 Bxd4 31. exd4 Rxd4 32. Rxa5 Kf7 33. Rc5
Ra4 1/2-1/2

[Event "MCR senioru 2013 - 60"]
[Site "?"]
[Date "2013.08.19"]
[Round "3.20"]
[White "Pittermann, Jan"]
[Black "Zeman, Ladislav"]
[Result "1/2-1/2"]
[WhiteElo "1844"]
[BlackElo "1900"]
[PlyCount "131"]

1. e4 e5 2. Nf3 Nc6 3. Bb5 a6 4. Ba4 d6 5. c3 Bd7 6. d4 Be7 7. O-O b5 8. Bb3
Nf6 9. dxe5 dxe5 10. Re1 O-O 11. h3 Qc8 12. Bd5 Rb8 13. Nbd2 Bd6 14. Nf1 Ne7
15. a3 Nfxd5 16. exd5 f6 17. Ng3 Be8 18. b3 Bf7 19. c4 bxc4 20. bxc4 Rd8 21.
Be3 Nf5 22. Ne4 Nxe3 23. Rxe3 Bf8 24. Rb3 c6 25. Rxb8 Qxb8 26. Rb1 Qc8 27. Qa4
cxd5 28. cxd5 Bxd5 29. Ng3 Bxf3 30. gxf3 Qe6 31. Qb3 Qd5 32. Kg2 Qxb3 33. Rxb3
a5 34. Rb5 Ra8 35. a4 Ra7 36. Ne4 Bb4 37. Nc5 Bxc5 38. Rxc5 Kf7 39. Kg3 g5 40.
Rb5 Kg6 41. Rc5 Kf5 42. Rb5 Ra6 43. Rc5 h5 44. Kg2 h4 45. Kh2 Kf4 46. Kg2 f5
47. Rc4+ e4 48. fxe4 fxe4 49. Rc5 g4 50. Rh5 gxh3+ 51. Kxh3 Rf6 52. Rxa5 Kf3
53. Re5 Rf4 54. a5 Kxf2 55. a6 e3 56. a7 Ra4 57. Rf5+ Ke1 58. Re5 e2 59. Re7
Kf2 60. Rf7+ Ke3 61. Re7+ Kd2 62. Rd7+ Kc3 63. Re7 Kd2 64. Rd7+ Ke3 65. Re7+
Kd3 66. Rd7+ 1/2-1/2

[Event "MCR senioru 2013 - 50"]
[Site "?"]
[Date "2013.08.19"]
[Round "3.1"]
[White "Nemec, Otakar"]
[Black "Urban, Zdenek"]
[Result "0-1"]
[WhiteElo "1919"]
[BlackElo "2124"]
[PlyCount "90"]

1. e4 d6 2. d4 Nf6 3. Nc3 Nbd7 4. Nf3 e5 5. Bc4 Be7 6. O-O O-O 7. h3 c6 8. a4
a5 9. Re1 Qc7 10. Qe2 h6 11. Be3 Re8 12. dxe5 dxe5 13. Nd2 Nf8 14. f3 Be6 15.
Qf2 Rad8 16. Bxe6 Nxe6 17. Nb3 Nd7 18. Rad1 b6 19. Kh2 Ndc5 20. Nxc5 Bxc5 21.
Bxc5 Nxc5 22. Kh1 Ne6 23. Rxd8 Rxd8 24. Rd1 Rd4 25. Rxd4 exd4 26. Ne2 Qe5 27.
Nc1 c5 28. Qf1 Nf4 29. Nd3 Nxd3 30. Qxd3 g6 31. Kg1 h5 32. Qb5 Qf4 33. Qe8+ Kg7
34. e5 c4 35. Qe7 h4 36. Qd6 g5 37. Kh1 c3 38. bxc3 dxc3 39. Kg1 Qd2 40. Qf6+
Kg8 41. Qf5 Kf8 42. Kh1 Qc1+ 43. Kh2 Qf4+ 44. Qxf4 gxf4 45. Kg1 b5 0-1

[Event "MCR senioru 2013 - 50"]
[Site "?"]
[Date "2013.08.19"]
[Round "3.2"]
[White "Habada, Jindrich"]
[Black "Humlicek, Vojtech"]
[Result "0-1"]
[WhiteElo "1886"]
[BlackElo "1952"]
[PlyCount "94"]
[EventDate "2013.??.??"]

1. e4 c6 2. d4 d5 3. e5 Bf5 4. g4 Bg6 5. Ne2 e6 6. Nbc3 Nd7 7. f4 Bb4 8. h4 h5
9. g5 Ne7 10. Ng3 Nf5 11. Nxf5 Bxf5 12. Be2 g6 13. a3 Bxc3+ 14. bxc3 Qa5 15.
Qd2 b5 16. O-O Nb6 17. a4 Nxa4 18. Bb2 O-O 19. Ba3 Qxc3 20. Qxc3 Nxc3 21. Bxf8
Nxe2+ 22. Kf2 Nxd4 23. Bc5 Nxc2 24. Rxa7 Rxa7 25. Bxa7 b4 26. Rb1 Bd3 27. Bc5
Bc4 28. Bxb4 Nxb4 29. Rxb4 Bb5 30. Ke3 Kf8 31. Kd4 Ke7 32. Rb1 Kd7 33. Ra1 Kc7
34. Kc5 Kb7 35. Ra3 Be2 36. Ra2 Bc4 37. Rb2+ Kc7 38. Rb1 Bb5 39. Ra1 Kb7 40.
Kd6 Kb6 41. Ke7 Bd3 42. Kxf7 Bf5 43. Ke7 c5 44. Kd6 c4 45. Ra8 c3 46. Rb8+ Ka5
47. Kc5 Ka4 0-1

[Event "MCR senioru 2013 - 50"]
[Site "?"]
[Date "2013.08.19"]
[Round "3.3"]
[White "Masek, Jan"]
[Black "Lorenc, Oldrich"]
[Result "1/2-1/2"]
[WhiteElo "1959"]
[BlackElo "2137"]
[PlyCount "100"]
[EventDate "2013.??.??"]

1. e4 d6 2. d4 Nf6 3. Nc3 g6 4. f4 Bg7 5. Nf3 O-O 6. Bd3 Nc6 7. O-O Bg4 8. Be3
e5 9. fxe5 dxe5 10. d5 Nd4 11. Be2 c5 12. h3 Bxf3 13. Bxf3 Nd7 14. Ne2 Qb6 15.
c3 Nxf3+ 16. Rxf3 Qxb2 17. Rb1 Qxa2 18. Rxb7 Rad8 19. Qd3 c4 20. Qd1 a5 21. Rf2
Qa3 22. Bc1 Qd6 23. Rb5 Ra8 24. Ng3 a4 25. Ra2 Qa6 26. Rb4 Nc5 27. Be3 Nb3 28.
Qe2 Rfc8 29. Raxa4 Qxa4 30. Rxa4 Rxa4 31. Qg4 Rd8 32. Bg5 h5 33. Qf3 Rd7 34.
Nf1 Ra2 35. Qd1 f6 36. Be3 Bf8 37. Qf3 Kg7 38. h4 Bc5 39. Ng3 Rc2 40. Ne2 Ra7
41. Bxc5 Ra1+ 42. Kh2 Nxc5 43. Qh3 Rxe2 44. Qc8 Raa2 45. Qxc5 Rxg2+ 46. Kh3
Rgd2 47. Qe7+ Kg8 48. Qe8+ Kg7 49. Qe7+ Kg8 50. Qe8+ Kg7 1/2-1/2

[Event "MCR senioru 2013 - 50"]
[Site "?"]
[Date "2013.08.19"]
[Round "3.4"]
[White "Malinovsky, Petr"]
[Black "Mares, Ilja"]
[Result "1-0"]
[WhiteElo "1980"]
[BlackElo "1817"]
[PlyCount "49"]
[EventDate "2013.??.??"]

1. d4 Nf6 2. c4 g6 3. Nc3 Bg7 4. e4 d6 5. f3 O-O 6. Be3 Nc6 7. Nge2 e5 8. d5
Ne7 9. Qd2 Ne8 10. g4 f5 11. gxf5 gxf5 12. O-O-O Ng6 13. exf5 Bxf5 14. Ng3 Bd7
15. Nh5 Rxf3 16. Bg5 Qc8 17. Be2 Rf8 18. Rdf1 Bg4 19. Rxf8+ Bxf8 20. Ne4 Bxh5
21. Bxh5 Qf5 22. Ng3 Qd7 23. Ne4 Qh3 24. Qe2 Bg7 25. Bg4 1-0

[Event "MCR senioru 2013 - 50"]
[Site "?"]
[Date "2013.08.19"]
[Round "3.5"]
[White "Peroutka, Ivo"]
[Black "Chladek, Vaclav"]
[Result "0-1"]
[WhiteElo "1919"]
[BlackElo "2065"]
[PlyCount "75"]
[EventDate "2013.??.??"]

1. d4 d5 2. c4 c6 3. Nc3 Nf6 4. Nf3 a6 5. a4 Bf5 6. e3 e6 7. c5 Nbd7 8. b4 Be7
9. Be2 Ne4 10. Bb2 Bf6 11. O-O a5 12. b5 Ndxc5 13. Rc1 Nxc3 14. Bxc3 Ne4 15.
Be1 cxb5 16. Bxb5+ Kf8 17. Qb3 g6 18. Bd3 Nd6 19. Be2 Kg7 20. Ne5 h5 21. f4 Re8
22. Bb5 Re7 23. Bd2 Qb6 24. Be1 Nxb5 25. axb5 Rc7 26. Bd2 a4 27. Qb4 Be7 28.
Rxc7 Qxc7 29. Qc3 Qxc3 30. Bxc3 Rc8 31. Ba1 a3 32. b6 Bb4 33. h3 Kf6 34. g4
hxg4 35. hxg4 Be4 36. g5+ Ke7 37. Nf3 a2 38. Rf2 0-1

[Event "MCR senioru 2013 - 50"]
[Site "?"]
[Date "2013.08.19"]
[Round "3.6"]
[White "Plachetka, Milan"]
[Black "Vlachopulos, Georgis"]
[Result "0-1"]
[WhiteElo "1623"]
[BlackElo "1971"]
[PlyCount "26"]
[EventDate "2013.??.??"]

1. e4 e5 2. Nf3 Nc6 3. d4 exd4 4. Nxd4 Qh4 5. Nc3 Bb4 6. Qd3 Nf6 7. Nxc6 dxc6
8. e5 Ng4 9. g3 Qe7 10. f4 Qc5 11. Qf3 Bxc3+ 12. bxc3 Be6 13. h3 Bd5 0-1

[Event "MCR senioru 2013 - 50"]
[Site "?"]
[Date "2013.08.19"]
[Round "3.7"]
[White "Korinkova, Eva"]
[Black "Papacek, Milos"]
[Result "1-0"]
[WhiteElo "1775"]
[BlackElo "1815"]
[PlyCount "99"]
[EventDate "2013.??.??"]

1. e4 e5 2. Nf3 Nc6 3. Bb5 a6 4. Bxc6 dxc6 5. O-O Bg4 6. h3 h5 7. d3 Bc5 8. Re1
Qf6 9. Be3 Bxf3 10. Qxf3 Qxf3 11. gxf3 Be7 12. f4 exf4 13. Bxf4 O-O-O 14. Nd2
g5 15. Bh2 Nh6 16. Kf1 g4 17. hxg4 Nxg4 18. Bf4 h4 19. f3 Nf6 20. Be5 Rh5 21.
f4 h3 22. Nf3 Ng4 23. Ke2 f6 24. Bd4 h2 25. Rh1 Rh3 26. Bf2 Nxf2 27. Kxf2 f5
28. e5 Bh4+ 29. Nxh4 Rxh4 30. Kf3 Rg8 31. Raf1 Rh3+ 32. Ke2 Rg4 33. Rf2 c5 34.
Rfxh2 Rxh2+ 35. Rxh2 Rxf4 36. Ke3 Rf1 37. Rf2 Rxf2 38. Kxf2 Kd7 39. Kf3 Ke6 40.
Kf4 b5 41. c3 a5 42. d4 cxd4 43. cxd4 b4 44. d5+ Ke7 45. Kxf5 Kf7 46. b3 Ke7
47. e6 Ke8 48. Ke4 Ke7 49. Ke5 Ke8 50. d6 1-0

[Event "MCR senioru 2013 - 70"]
[Site "?"]
[Date "2013.08.19"]
[Round "1.1"]
[White "Mesiarik, Rudolf"]
[Black "Strakos, Tomas"]
[Result "1-0"]
[WhiteElo "2179"]
[BlackElo "1779"]
[PlyCount "73"]

1. Nf3 Nf6 2. c4 c5 3. g3 g6 4. Bg2 d5 5. cxd5 Nxd5 6. O-O Bg7 7. Nc3 Nxc3 8.
bxc3 O-O 9. Rb1 Nc6 10. Qa4 Qa5 11. Qc2 Rb8 12. a4 Qd8 13. d3 Bd7 14. Bf4 e5
15. Bg5 Bf6 16. Bxf6 Qxf6 17. Nd2 Qe7 18. Nc4 Rfe8 19. e4 Be6 20. Ne3 Qd7 21.
Nd5 Bxd5 22. exd5 Ne7 23. c4 Nf5 24. Bh3 Qd6 25. Bxf5 gxf5 26. f3 Re7 27. Rbe1
Rbe8 28. Rf2 f6 29. Rfe2 Kh8 30. Qc1 Rg8 31. Kh1 Reg7 32. Qh6 Rg6 33. Qh3 Qd7
34. f4 Qxa4 35. Qxf5 exf4 36. Qxf4 b5 37. Re6 1-0

[Event "MCR senioru 2013 - 70"]
[Site "?"]
[Date "2013.08.19"]
[Round "1.2"]
[White "Strakos, Zdenek"]
[Black "Vitek, Vaclav"]
[Result "0-1"]
[WhiteElo "1774"]
[BlackElo "2043"]
[PlyCount "50"]

1. Nf3 d6 2. d4 Bg4 3. e3 c6 4. c4 Nf6 5. Nbd2 Nbd7 6. Be2 e5 7. dxe5 dxe5 8.
O-O Qc7 9. h3 Bh5 10. Nh2 Bg6 11. Ng4 h5 12. Nxf6+ gxf6 13. b3 O-O-O 14. Qe1
Bb4 15. e4 Bc3 16. Rb1 Bxe4 17. Bb2 Bxd2 18. Qxd2 Rdg8 19. f3 Qb6+ 20. Kh1 Bxb1
21. Rxb1 Rxg2 22. Rf1 Rhg8 23. Qe1 Qe3 24. Bd1 Qxe1 25. Rxe1 Rxb2 0-1

[Event "MCR senioru 2013 - 70"]
[Site "?"]
[Date "2013.08.19"]
[Round "1.3"]
[White "Jacek, Miloslav"]
[Black "Slovak, Martin"]
[Result "1-0"]
[WhiteElo "2030"]
[BlackElo "1761"]
[PlyCount "77"]
[EventDate "2013.??.??"]

1. e4 c6 2. d4 d5 3. exd5 cxd5 4. c3 Nc6 5. Nf3 Qc7 6. Na3 a6 7. g3 e6 8. Bf4
Bd6 9. Bxd6 Qxd6 10. Bg2 Nf6 11. O-O O-O 12. Re1 Ne4 13. Ne5 Nxc3 14. Qd3 Ne4
15. Nxc6 bxc6 16. Bxe4 dxe4 17. Rxe4 Rb8 18. Nc4 Qc7 19. Rh4 g6 20. Qe3 f6 21.
b3 Rf7 22. Rc1 Bd7 23. Qc3 Rb5 24. Rf4 Rg5 25. Qf3 Rf5 26. Rxf5 exf5 27. Re1
Kf8 28. Qc3 Qb8 29. Qa5 Re7 30. Rxe7 Kxe7 31. Qxa6 f4 32. Qb6 Qa8 33. Qc5+ Kf7
34. a4 Bh3 35. f3 Qa6 36. Qb6 Qxb6 37. Nxb6 fxg3 38. hxg3 Be6 39. a5 1-0

[Event "MCR senioru 2013 - 70"]
[Site "?"]
[Date "2013.08.19"]
[Round "1.4"]
[White "Glembek, Bohumir"]
[Black "Stec, Frantisek"]
[Result "1/2-1/2"]
[WhiteElo "1744"]
[BlackElo "2017"]
[PlyCount "35"]

1. d4 Nf6 2. c4 e6 3. Nc3 Bb4 4. e3 O-O 5. Bd3 d5 6. Nge2 c5 7. cxd5 cxd4 8.
exd4 Nxd5 9. O-O Nc6 10. a3 Be7 11. Ng3 Bf6 12. Be3 e5 13. Nxd5 Qxd5 14. Be4
Qd6 15. d5 Ne7 16. Qf3 Rd8 17. Nh5 Bd7 18. Nxf6+ 1/2-1/2

[Event "MCR senioru 2013 - 70"]
[Site "?"]
[Date "2013.08.19"]
[Round "1.5"]
[White "Laskiewicz, Jerzy"]
[Black "Malijevsky, Anatol"]
[Result "1-0"]
[WhiteElo "1971"]
[BlackElo "1743"]
[PlyCount "45"]
[EventDate "2013.??.??"]

1. e4 c5 2. Nf3 Nc6 3. Bb5 a6 4. Bxc6 bxc6 5. O-O d6 6. h3 g6 7. d3 Bg7 8. Nbd2
e6 9. Re1 Qc7 10. Rb1 Nf6 11. e5 dxe5 12. Nxe5 Nd5 13. Nec4 O-O 14. Nb3 a5 15.
Nxc5 Rb8 16. Bd2 Ra8 17. a3 Rd8 18. Qf3 a4 19. Rbd1 Qe7 20. Ne4 Ba6 21. Rc1
Rab8 22. g3 Nf6 23. Bg5 1-0

[Event "MCR senioru 2013 - 70"]
[Site "?"]
[Date "2013.08.19"]
[Round "1.6"]
[White "Tobiska, Jaroslav"]
[Black "Macura, Emil"]
[Result "0-1"]
[WhiteElo "1732"]
[BlackElo "1944"]
[PlyCount "38"]

1. e4 e5 2. Nf3 Nc6 3. d4 exd4 4. Bc4 Be7 5. Nxd4 Nf6 6. Nxc6 dxc6 7. Qxd8+
Bxd8 8. e5 Nd5 9. O-O Bf5 10. Bb3 a5 11. c4 Nb4 12. a4 Be7 13. Bf4 O-O-O 14.
Nc3 g5 15. Be3 Bg6 16. f3 Nd3 17. Nd1 Nxe5 18. Nf2 Nd3 19. Nxd3 Rxd3 0-1

[Event "MCR senioru 2013 - 70"]
[Site "?"]
[Date "2013.08.19"]
[Round "1.7"]
[White "Zamecnik, Bohumir"]
[Black "Matoulek, Jaroslav"]
[Result "1-0"]
[WhiteElo "1894"]
[BlackElo "1727"]
[PlyCount "69"]

1. c4 e6 2. g3 d5 3. Bg2 Nf6 4. Nf3 c5 5. cxd5 exd5 6. d4 Nc6 7. O-O c4 8. b3
Be7 9. bxc4 dxc4 10. Qa4 O-O 11. Bb2 Qb6 12. Bc3 Rd8 13. Qxc4 Be6 14. Qd3 Rd5
15. Nbd2 Rh5 16. Rab1 Qc7 17. e4 Rd8 18. Qe2 Bg4 19. Rfc1 Qd7 20. d5 Nb8 21.
Qb5 b6 22. Qxd7 Nbxd7 23. Bxf6 gxf6 24. Rc7 a5 25. Nd4 Bc5 26. Nc6 Re8 27. h3
Rxh3 28. Bxh3 Bxh3 29. Kh2 Bg4 30. f3 Ne5 31. Nxe5 fxe5 32. fxg4 Kg7 33. Rf1
Re7 34. Rxe7 Bxe7 35. Nc4 1-0

[Event "MCR senioru 2013 - 70"]
[Site "?"]
[Date "2013.08.19"]
[Round "1.8"]
[White "Jedlicka, Eduard"]
[Black "Zikmund, Jaroslav"]
[Result "1-0"]
[WhiteElo "1710"]
[BlackElo "1892"]
[PlyCount "61"]

1. d4 Nf6 2. c4 e6 3. Nf3 d5 4. Nc3 c6 5. e3 Be7 6. cxd5 exd5 7. Be2 O-O 8. O-O
Qc7 9. Ne5 Ne4 10. f3 Nxc3 11. bxc3 Bf5 12. Bd3 Bxd3 13. Nxd3 Bd6 14. f4 f6 15.
Rf3 Nd7 16. Rg3 Nb6 17. Qb3 Qe7 18. Rb1 Rf7 19. Rb2 Nc4 20. Re2 a5 21. Rh3 Ra6
22. Qc2 g6 23. e4 dxe4 24. Nc5 Bxc5 25. Rxe4 Qd6 26. Qe2 b5 27. dxc5 Qxc5+ 28.
Be3 Qd5 29. Rd4 Qe6 30. Rd8+ Kg7 31. f5 1-0